[Event "ZMDI-Open 2013"]
[Site "Dresden"]
[Date "2013.08.14"]
[Round "5"]
[White "Hansch, S."]
[Black "Frey, A."]
[Result "1/2-1/2"]
[WhiteElo "1980"]
[BlackElo "2089"]
[PlyCount "81"]
[EventDate "2013.??.??"]

1. d4 Nf6 2. c4 g6 3. g3 Bg7 4. Bg2 d5 5. cxd5 Nxd5 6. Nf3 Nb6 7. O-O O-O 8.
Nc3 Nc6 9. e3 a5 10. b3 e5 11. dxe5 Nxe5 12. Nxe5 Bxe5 13. Bb2 Qe7 14. Qe2 c6
15. Rfd1 a4 16. f4 Bg7 17. bxa4 Nxa4 18. Nxa4 Rxa4 19. Bxg7 Kxg7 20. e4 Be6 21.
a3 Kg8 22. Qb2 Rfa8 23. Rd3 b5 24. Rc1 Rxa3 25. Rxa3 Qxa3 26. Qxa3 Rxa3 27.
Rxc6 b4 28. Rb6 b3 29. f5 Bc4 30. Rb4 Ra1+ 31. Kf2 Rc1 32. f6 h6 33. e5 Rc2+
34. Ke3 Be6 35. Be4 Rxh2 36. Bxg6 fxg6 37. Rb8+ Kf7 38. Rb7+ Kf8 39. Rb8+ Kf7
40. Rb7+ Kf8 41. Rb8+ 1/2-1/2

[Event "ZMDI-Open 2013"]
[Site "Dresden"]
[Date "2013.08.14"]
[Round "5"]
[White "Scharff, K."]
[Black "Hansch, T."]
[Result "0-1"]
[WhiteElo "2013"]
[BlackElo "2116"]
[PlyCount "124"]
[EventDate "2013.??.??"]

1. d3 d5 2. e3 Nf6 3. Nd2 g6 4. f4 Bg7 5. Ngf3 O-O 6. Be2 c5 7. O-O Nc6 8. h3
Qc7 9. d4 Nh5 10. c3 Ng3 11. Rf2 cxd4 12. cxd4 Nb4 13. Nf1 Ne4 14. Bd2 Nc6 15.
g4 Nxf2 16. Kxf2 Bd7 17. Ng3 Rac8 18. Ng5 Qd6 19. a3 a5 20. h4 h6 21. Nh3 h5
22. Ng1 Bxg4 23. Bxg4 hxg4 24. Qxg4 Nxd4 25. exd4 Bxd4+ 26. Kg2 Bxb2 27. Rd1
Rc2 28. Kh1 f5 29. Qf3 e6 30. h5 Qxa3 31. Qg2 Qe7 32. Nf3 a4 33. Nxf5 Rxf5 34.
Qxg6+ Bg7 35. Ng5 Qf6 36. Qh7+ Kf8 37. Bb4+ Ke8 38. Qg8+ Kd7 39. Qa8 Rc7 40.
Qxa4+ Rc6 41. Qa7 Qd8 42. Ba5 Qc8 43. Qe3 d4 44. Qe4 Rxa5 45. h6 Bf6 46. h7 Rd6
47. Qg6 Qe8 48. Qh6 d3 49. Kg2 Bh8 50. Qh3 d2 51. Qb3 Kc8 52. Kg3 Qg6 53. Qc4+
Kb8 54. Kg4 Qf5+ 55. Kg3 Rc5 56. Qa4 Qd3+ 57. Kh4 Rc4 58. Qe8+ Rd8 59. Qxe6
Rxf4+ 60. Kh5 Rf1 61. Qg4 Rxd1 62. Qxd1 Rd5 0-1

[Event "ZMDI-Open 2013"]
[Site "Dresden"]
[Date "2013.08.14"]
[Round "5"]
[White "Bösch, D."]
[Black "Peil, C."]
[Result "1/2-1/2"]
[WhiteElo "2077"]
[BlackElo "2015"]
[PlyCount "121"]
[EventDate "2013.??.??"]

1. Nf3 g6 2. e4 Bg7 3. d3 Nc6 4. c3 d6 5. h3 e5 6. g3 f5 7. Bg2 Nf6 8. Nbd2 O-O
9. O-O h6 10. Qe2 Be6 11. Nh4 Kh7 12. f4 Nh5 13. Nxf5 Bxf5 14. exf5 Nxg3 15.
fxg6+ Kh8 16. Qg4 Nxf1 17. Nxf1 Qf6 18. Ng3 exf4 19. Nh5 Qf5 20. Nxf4 Ne5 21.
Qxf5 Rxf5 22. Be4 Rff8 23. Ne6 Rg8 24. Nxc7 Rab8 25. h4 h5 26. Nd5 Rgf8 27. Bg5
Ng4 28. Nf4 Nf6 29. Bxf6 Rxf6 30. Nxh5 Re6 31. Nxg7 Kxg7 32. Rf1 Rf6 33. Rxf6
Kxf6 34. Kf2 d5 35. Bxd5 Kxg6 36. Bf3 Kf5 37. h5 b6 38. Be4+ Kg5 39. Bg6 Rb7
40. Ke3 Re7+ 41. Kd2 a5 42. c4 Re6 43. a3 Kf4 44. b4 axb4 45. axb4 Ke5 46. Kc3
Rd6 47. Bf7 Rd4 48. c5 bxc5 49. bxc5 Rf4 50. Bc4 Rh4 51. h6 Rxh6 52. d4+ Ke4
53. d5 Ke5 54. Kb4 Rf6 55. Kb5 Rh6 56. c6 Kd6 57. Kb6 Rh7 58. Bd3 Rg7 59. Be4
Re7 60. Bf5 Kxd5 61. c7 1/2-1/2

[Event "ZMDI-Open 2013"]
[Site "Dresden"]
[Date "2013.08.14"]
[Round "5"]
[White "Schellmann, F."]
[Black "Scherer, F."]
[Result "1/2-1/2"]
[WhiteElo "2121"]
[BlackElo "2072"]
[PlyCount "35"]
[EventDate "2013.??.??"]

1. e4 c6 2. d4 d5 3. e5 Bf5 4. Nf3 e6 5. Be2 c5 6. Be3 Qb6 7. Nc3 a6 8. O-O Nd7
9. Rb1 Rc8 10. Qd2 Bg4 11. dxc5 Bxc5 12. Bxc5 Qxc5 13. Qg5 Bxf3 14. Bxf3 g6 15.
Rfd1 Ne7 16. Rd2 b5 17. Rbd1 Nb6 18. Be2 1/2-1/2

[Event "ZMDI-Open 2013"]
[Site "Dresden"]
[Date "2013.08.14"]
[Round "5"]
[White "Zimmermann, C."]
[Black "Ditmas, H."]
[Result "1/2-1/2"]
[WhiteElo "2045"]
[BlackElo "1997"]
[PlyCount "148"]
[EventDate "2013.??.??"]

1. e4 c5 2. Nf3 Nc6 3. d4 cxd4 4. Nxd4 Nf6 5. Nc3 e5 6. Ndb5 d6 7. Bg5 a6 8.
Na3 b5 9. Nd5 Be7 10. Bxf6 Bxf6 11. c3 Bg5 12. Nc2 O-O 13. a4 bxa4 14. Rxa4 a5
15. Bc4 Bd7 16. Ra1 a4 17. Ndb4 Na5 18. Bd5 Nb3 19. Ra3 Bd2+ 20. Kf1 Qg5 21. h4
Qh6 22. Bxa8 Bb5+ 23. Kg1 Nc1 24. Qg4 Rxa8 25. Nd5 Rd8 26. Nce3 Bxe3 27. Nxe3
Nd3 28. Kh2 Nxf2 29. Qg3 Nxh1 30. Kxh1 Bd7 31. Ra1 Rb8 32. Nc4 Bb5 33. Ne3 Qg6
34. Qxg6 hxg6 35. Rd1 Bc6 36. Rxd6 Bxe4 37. Nc4 f6 38. Nb6 Bc2 39. c4 e4 40. c5
Re8 41. Kg1 e3 42. Kf1 Re5 43. c6 Rc5 44. Na8 Bf5 45. Ke2 Kf7 46. Kxe3 Ke7 47.
Rd4 Rxc6 48. Rxa4 Rc2 49. g4 Bxg4 50. Rxg4 Rxb2 51. Rxg6 Kf7 52. Rg4 Rb3+ 53.
Kf2 Rb2+ 54. Ke3 Rb3+ 55. Kd2 Rb2+ 56. Kc3 Rh2 57. Nc7 g5 58. hxg5 fxg5 59.
Rxg5 Rh4 60. Nb5 Ke6 61. Nd4+ Kf6 62. Ra5 Rh1 63. Kd3 Rd1+ 64. Ke3 Re1+ 65. Kf4
Rf1+ 66. Nf3 Rb1 67. Ra6+ Ke7 68. Ke4 Rb4+ 69. Nd4 Rb1 70. Nf3 Rf1 71. Ng5 Re1+
72. Kd5 Rd1+ 73. Ke5 Re1+ 74. Ne4 Kd7 1/2-1/2

[Event "ZMDI-Open 2013"]
[Site "Dresden"]
[Date "2013.08.14"]
[Round "5"]
[White "Sponheim, M."]
[Black "Steinert, F."]
[Result "1-0"]
[WhiteElo "2073"]
[BlackElo "1931"]
[PlyCount "79"]
[EventDate "2013.??.??"]

1. e4 e6 2. d4 d5 3. Nd2 Nf6 4. e5 Nfd7 5. f4 c5 6. c3 Nc6 7. Ngf3 Qb6 8. g3
cxd4 9. cxd4 Bb4 10. Kf2 g5 11. fxg5 Ndxe5 12. Nxe5 Nxe5 13. Kg2 Nc6 14. Nf3
Bd7 15. a3 Bf8 16. b4 Bg7 17. Bb2 Rc8 18. Qd2 Ne7 19. a4 Nf5 20. a5 Qd8 21. Bd3
Nd6 22. Qe2 Nc4 23. Rac1 Nxb2 24. Qxb2 Rxc1 25. Rxc1 h6 26. h4 hxg5 27. hxg5 e5
28. dxe5 Bg4 29. Qe2 O-O 30. Qe3 Re8 31. Rf1 Qd7 32. Rf2 Bxf3+ 33. Qxf3 Rxe5
34. g6 f6 35. b5 Qe6 36. Bf5 Qe7 37. Rc2 b6 38. Qh5 Bf8 39. Rc8 Rxf5 40. Rxf8+
1-0

[Event "ZMDI-Open 2013"]
[Site "Dresden"]
[Date "2013.08.14"]
[Round "5"]
[White "Salewski, B."]
[Black "Herbrig, T."]
[Result "1/2-1/2"]
[WhiteElo "2020"]
[BlackElo "1921"]
[PlyCount "48"]
[EventDate "2013.??.??"]

1. d4 d5 2. Nc3 Bf5 3. Bg5 c6 4. Qd2 Nd7 5. f3 Ngf6 6. O-O-O b5 7. Re1 b4 8.
Nd1 Qa5 9. Kb1 e6 10. Nf2 h6 11. Bxf6 gxf6 12. e4 Bg6 13. Bd3 Bg7 14. exd5 Bxd3
15. Nxd3 cxd5 16. Qxb4 Qc7 17. Ne2 Rb8 18. Qa3 Bf8 19. Qa4 Bd6 20. g4 Ke7 21.
f4 Rhe8 22. c3 Nb6 23. Qc2 Nc4 24. Ka1 Rb6 1/2-1/2

[Event "ZMDI-Open 2013"]
[Site "Dresden"]
[Date "2013.08.14"]
[Round "5"]
[White "Schulz, M."]
[Black "Gungl, T."]
[Result "0-1"]
[WhiteElo "2046"]
[BlackElo "1948"]
[PlyCount "106"]
[EventDate "2013.??.??"]

1. e4 c6 2. d4 d5 3. Nd2 dxe4 4. Nxe4 Bf5 5. Ng3 Bg6 6. N1e2 Nf6 7. Nf4 e5 8.
Nxg6 hxg6 9. Be3 Nd5 10. Qd2 Nxe3 11. fxe3 exd4 12. exd4 Be7 13. Bc4 Bf6 14.
Qe2+ Qe7 15. Qxe7+ Kxe7 16. O-O-O Rd8 17. c3 Nd7 18. Ne4 Nb6 19. Bb3 Nd5 20.
Rde1 Kf8 21. Rhf1 Be7 22. Rf3 Kg8 23. g4 f6 24. Kd2 Re8 25. a3 Rad8 26. c4 Nc7
27. Kc3 b6 28. Rfe3 c5 29. d5 f5 30. Nf2 Bf6+ 31. Kc2 Bd4 32. Rxe8+ Rxe8 33.
Rxe8+ Nxe8 34. Nd3 fxg4 35. Kd2 Nd6 36. Ke2 b5 37. Nf2 bxc4 38. Bc2 Bxb2 39. a4
Kf7 40. Nxg4 Bd4 41. Bb1 a5 42. Ba2 g5 43. Ne3 Bxe3 44. Kxe3 Kf6 45. Kf3 Ke5
46. Kg4 c3 47. Bb1 Kxd5 48. Kxg5 Nc4 49. Kg6 Ne3 50. Kxg7 c2 51. Bxc2 Nxc2 52.
h4 Ne3 53. Kf6 c4 0-1

[Event "ZMDI-Open 2013"]
[Site "Dresden"]
[Date "2013.08.14"]
[Round "5"]
[White "Sauer, E."]
[Black "Scholz, R."]
[Result "1/2-1/2"]
[WhiteElo "1901"]
[BlackElo "1879"]
[PlyCount "41"]
[EventDate "2013.??.??"]

1. Nf3 Nf6 2. c4 e6 3. g3 c5 4. Bg2 Be7 5. O-O O-O 6. Nc3 a6 7. d4 cxd4 8. Nxd4
Qc7 9. Qd3 Nc6 10. Nxc6 bxc6 11. e4 Bb7 12. b3 Rfd8 13. Bf4 d6 14. Rfd1 Rd7 15.
Rac1 Rad8 16. h3 h6 17. Be3 c5 18. Qc2 Bc6 19. Rd2 Qb7 20. Rcd1 Bf8 21. Bf4
1/2-1/2

[Event "ZMDI-Open 2013"]
[Site "Dresden"]
[Date "2013.08.14"]
[Round "5"]
[White "Stahr, R."]
[Black "Herbrig, A."]
[Result "0-1"]
[WhiteElo "2079"]
[BlackElo "1766"]
[PlyCount "96"]
[EventDate "2013.??.??"]

1. c4 c5 2. Nf3 Nc6 3. d4 cxd4 4. Nxd4 Nf6 5. Nc3 e6 6. e4 Bb4 7. Nxc6 dxc6 8.
Qxd8+ Kxd8 9. Bd2 e5 10. O-O-O Ke8 11. a3 Bc5 12. f3 Be6 13. b4 Be7 14. Na4 Nd7
15. Kb2 f6 16. Be3 Kf7 17. c5 Rhc8 18. Rc1 Rc7 19. Bd3 Rb8 20. Rc2 b6 21. Ra1
b5 22. Nc3 a5 23. g3 Bc4 24. Rd2 Ke8 25. Kc2 Ra7 26. Bxc4 bxc4 27. Rb1 axb4 28.
axb4 Rab7 29. b5 Nxc5 30. bxc6 Rxb1 31. Nxb1 Rc8 32. Nc3 Rxc6 33. Nd5 Nb3 34.
Rd1 Bc5 35. Bxc5 Rxc5 36. Kc3 Rc8 37. Ne3 Nd4 38. Rf1 Ne2+ 39. Kd2 Nd4 40. f4
c3+ 41. Kd3 Nb3 42. fxe5 fxe5 43. Nc4 Rxc4 44. Kxc4 Nd2+ 45. Kxc3 Nxf1 46. Kc4
Nxh2 47. Kd5 Nf1 48. g4 Ne3+ 0-1

[Event "ZMDI-Open 2013"]
[Site "Dresden"]
[Date "2013.08.14"]
[Round "5"]
[White "Pössel, C."]
[Black "Nobis, A."]
[Result "0-1"]
[WhiteElo "1956"]
[BlackElo "1759"]
[PlyCount "106"]
[EventDate "2013.??.??"]

1. d4 Nf6 2. c4 g6 3. Nc3 Bg7 4. e4 d6 5. Nf3 O-O 6. Be2 e5 7. O-O Nc6 8. d5
Ne7 9. Ne1 Ne8 10. Be3 f5 11. f3 f4 12. Bf2 g5 13. Rc1 Nf6 14. c5 h5 15. cxd6
cxd6 16. Nb5 Ne8 17. Nxa7 Bd7 18. Bb5 Bxb5 19. Nxb5 Rxa2 20. Qb3 Ra8 21. Nc2
Kh7 22. Ra1 Rxa1 23. Rxa1 Qd7 24. Nc3 Nc8 25. Ra8 Bf6 26. Qb5 Qc7 27. Na3 Ng7
28. Qc4 Qd7 29. Nab5 Nb6 30. Rxf8 Nxc4 31. b3 Bd8 32. bxc4 Qe7 33. Rf5 Nxf5 34.
exf5 Ba5 35. Ne4 Bb4 36. f6 Qd8 37. Nxg5+ Kg6 38. Ne4 Qa5 39. g3 Qa1+ 40. Kg2
fxg3 41. hxg3 Qa2 42. Nbxd6 Bxd6 43. Nxd6 Kxf6 44. Ne4+ Kf7 45. Kh3 Ke8 46. c5
Kd8 47. d6 Qb3 48. Kg2 Qe6 49. Be1 Qa2+ 50. Bd2 Qc2 51. Kh3 Qd3 52. Ba5+ Kc8
53. Ng5 Qf5+ 0-1

[Event "ZMDI-Open 2013"]
[Site "Dresden"]
[Date "2013.08.14"]
[Round "5"]
[White "Osterloh, F."]
[Black "Nixdorf, A."]
[Result "1/2-1/2"]
[WhiteElo "1752"]
[BlackElo "1933"]
[PlyCount "120"]
[EventDate "2013.??.??"]

1. e4 c5 2. Nf3 d6 3. d3 Nf6 4. g3 g6 5. Bg2 Bg7 6. O-O Nc6 7. Nbd2 O-O 8. Re1
Qc7 9. h3 Rb8 10. Nf1 b5 11. Be3 Nd7 12. Qc1 Nd4 13. N1h2 Nxf3+ 14. Nxf3 b4 15.
Bh6 a5 16. Bxg7 Kxg7 17. c3 Qb6 18. a3 Ne5 19. Nxe5 dxe5 20. Qe3 Rd8 21. Red1
Be6 22. axb4 axb4 23. c4 Rd7 24. b3 Ra7 25. Qc1 Rba8 26. Qb2 Qd6 27. Rxa7 Rxa7
28. Ra1 Rxa1+ 29. Qxa1 Qd4 30. Qxd4 exd4 31. g4 g5 32. Kh2 Kf6 33. Kg3 Bd7 34.
Bf3 Ke5 35. Bd1 f6 36. Be2 h6 37. Bd1 Be8 38. Be2 Bg6 39. f3 Bf7 40. Bd1 e6 41.
Bc2 Bg6 42. Bd1 f5 43. Kf2 Kf4 44. Bc2 h5 45. exf5 exf5 46. gxh5 Bxh5 47. Bd1
Be8 48. Be2 Bd7 49. Bd1 Ke5 50. Kg2 f4 51. h4 gxh4 52. Be2 Kf6 53. Bd1 Kg5 54.
Be2 h3+ 55. Kh2 Kh4 56. Bd1 Bf5 57. Be2 Bh7 58. Bf1 Bg6 59. Be2 Bf5 60. Bf1 Bd7
1/2-1/2

[Event "ZMDI-Open 2013"]
[Site "Dresden"]
[Date "2013.08.14"]
[Round "5"]
[White "Bui, H."]
[Black "Nachtkamp, H."]
[Result "1-0"]
[WhiteElo "1632"]
[BlackElo "2086"]
[PlyCount "57"]
[EventDate "2013.??.??"]

1. d4 d5 2. c4 Nc6 3. Nf3 Bg4 4. Nc3 e6 5. cxd5 exd5 6. Qb3 Bxf3 7. exf3 Bb4 8.
Bb5 Bxc3+ 9. bxc3 Nge7 10. O-O O-O 11. Ba3 Re8 12. Rfe1 a6 13. Bxc6 bxc6 14.
Qa4 h6 15. Bxe7 Rxe7 16. Qxc6 Rd7 17. Rab1 Rd6 18. Qc5 Rb8 19. Rb3 Rxb3 20.
axb3 Qd7 21. g3 Rc6 22. Qb4 Qf5 23. Re3 h5 24. Kg2 h4 25. g4 Qf6 26. Re5 Qf4
27. Qb8+ Kh7 28. Rh5+ Kg6 29. Qg8 1-0

[Event "ZMDI-Open 2013"]
[Site "Dresden"]
[Date "2013.08.14"]
[Round "5"]
[White "Glasewald, S."]
[Black "Felger, K."]
[Result "1-0"]
[WhiteElo "2075"]
[BlackElo "1901"]
[PlyCount "87"]
[EventDate "2013.??.??"]

1. d4 d5 2. Nc3 f5 3. Nf3 e6 4. Ne5 a6 5. e4 Nf6 6. exf5 exf5 7. Bd3 Bd6 8. Bg5
c6 9. O-O O-O 10. Ne2 Qb6 11. Bxf6 Rxf6 12. b3 Nd7 13. Nf3 Nf8 14. c4 Qd8 15.
Ne5 f4 16. Nc3 Bb4 17. Rc1 Bxc3 18. Rxc3 Rh6 19. Ng4 Rh4 20. Be2 Qg5 21. Ne5
Bh3 22. Bf3 Rd8 23. cxd5 cxd5 24. Re1 Be6 25. g3 fxg3 26. fxg3 Rh6 27. Rc7 Rf6
28. Rxb7 Bf5 29. Qc1 Qh6 30. Qxh6 gxh6 31. Rc1 Ne6 32. Nc6 Ng5 33. Bxd5+ Rxd5
34. Ne7+ Kh8 35. Nxd5 Nf3+ 36. Kf2 Rf8 37. Ke3 Nxh2 38. Ne7 Ng4+ 39. Kd2 Be4
40. d5 Nf6 41. Rb6 Bxd5 42. Rxa6 Bb7 43. Rb6 Rd8+ 44. Ke1 1-0

[Event "ZMDI-Open 2013"]
[Site "Dresden"]
[Date "2013.08.14"]
[Round "5"]
[White "Biastoch, B."]
[Black "Dümmke, J."]
[Result "1-0"]
[WhiteElo "1640"]
[BlackElo "2028"]
[PlyCount "45"]
[EventDate "2013.??.??"]

1. e4 d5 2. exd5 Nf6 3. c4 c6 4. d4 cxd5 5. Nc3 Nc6 6. Bf4 dxc4 7. Bxc4 e6 8.
Nf3 a6 9. O-O Be7 10. Re1 O-O 11. d5 exd5 12. Nxd5 Nxd5 13. Bxd5 Bf6 14. Bd6
Bxb2 15. Rb1 Qf6 16. Bxf8 Bf5 17. Rxb2 Qxb2 18. Be7 Rc8 19. Bxf7+ Kh8 20. Qd5
Bg4 21. Qe4 Bxf3 22. gxf3 Nd4 23. Bc5 1-0

[Event "ZMDI-Open 2013"]
[Site "Dresden"]
[Date "2013.08.14"]
[Round "5"]
[White "Schwarz, H."]
[Black "Sturm, F."]
[Result "0-1"]
[WhiteElo "1905"]
[BlackElo "1962"]
[PlyCount "60"]
[EventDate "2013.??.??"]

1. e4 c6 2. d4 d5 3. exd5 cxd5 4. Bd3 Nc6 5. c3 Nf6 6. Bf4 Bg4 7. Qb3 Qd7 8.
Nd2 a6 9. Ngf3 Bxf3 10. Nxf3 e6 11. Ne5 Nxe5 12. dxe5 Nh5 13. Be3 g6 14. g4 Ng7
15. Bh6 O-O-O 16. Be3 Qc7 17. f4 Bc5 18. Bd4 h5 19. g5 Nf5 20. Bxf5 gxf5 21.
O-O Kb8 22. Rac1 Rc8 23. Qd1 Qb6 24. Bxc5 Rxc5 25. Qd4 Qc7 26. Rcd1 Rc4 27. Qd3
Qb6+ 28. Rf2 Rxf4 29. Rdd2 Rg8 30. Kh1 Rxf2 0-1

[Event "ZMDI-Open 2013"]
[Site "Dresden"]
[Date "2013.08.14"]
[Round "5"]
[White "Keeve, M."]
[Black "Wong, G."]
[Result "1-0"]
[WhiteElo "1932"]
[BlackElo "1766"]
[PlyCount "53"]
[EventDate "2013.??.??"]

1. d4 Nf6 2. c4 g6 3. Nc3 d5 4. Nf3 Bg7 5. Bg5 Ne4 6. Bh4 Nxc3 7. bxc3 c5 8. e3
Qa5 9. Qd2 Bf5 10. cxd5 Be4 11. c4 Qc7 12. Rc1 Bxf3 13. gxf3 cxd4 14. exd4 O-O
15. Bh3 Qd6 16. O-O e6 17. Bg3 Qd7 18. Rfe1 Re8 19. dxe6 Qxd4 20. exf7+ Kxf7
21. Qb4 b6 22. Rxe8 Nc6 23. Qa4 Rxe8 24. Qxc6 Qd2 25. Qd5+ Qxd5 26. cxd5 Rd8
27. Be6+ 1-0

[Event "ZMDI-Open 2013"]
[Site "Dresden"]
[Date "2013.08.14"]
[Round "5"]
[White "Kühnast, V."]
[Black "Enache, R."]
[Result "1/2-1/2"]
[WhiteElo "1936"]
[BlackElo "1696"]
[PlyCount "51"]
[EventDate "2013.??.??"]

1. e4 d5 2. exd5 Qxd5 3. Nc3 Qa5 4. Bc4 c6 5. d4 Nf6 6. Nf3 Bf5 7. Bd2 e6 8.
Nd5 Qd8 9. Ne3 Bg6 10. c3 Bd6 11. Nh4 Nbd7 12. Nxg6 hxg6 13. g3 Qc7 14. Qe2
O-O-O 15. O-O-O Rh7 16. Qf3 Rdh8 17. h4 Rf8 18. Bb3 e5 19. Nc4 exd4 20. Nxd6+
Qxd6 21. Bf4 Qc5 22. Rxd4 Qf5 23. Qd3 Qxd3 24. Rxd3 Nc5 25. Rd2 Nxb3+ 26. axb3
1/2-1/2

[Event "ZMDI-Open 2013"]
[Site "Dresden"]
[Date "2013.08.14"]
[Round "5"]
[White "Barlage, T."]
[Black "Zienert, R."]
[Result "1-0"]
[WhiteElo "1974"]
[BlackElo "1845"]
[PlyCount "103"]
[EventDate "2013.??.??"]

1. c4 e5 2. g3 f5 3. Bg2 Nf6 4. Nf3 e4 5. Nd4 g6 6. O-O Bg7 7. Nc3 O-O 8. d3
exd3 9. Qxd3 Na6 10. Rd1 Re8 11. h3 Nc5 12. Qc2 d6 13. Be3 Nfe4 14. Ndb5 Nxc3
15. Nxc3 Rxe3 16. fxe3 Qg5 17. Qd2 Qxg3 18. Qd5+ Be6 19. Qf3 Qxf3 20. exf3 Bxc4
21. Bf1 Bxf1 22. Kxf1 Re8 23. Kf2 Bf6 24. Nd5 Bh4+ 25. Ke2 c6 26. Nf4 d5 27.
Rac1 Nd7 28. Rd3 Bf6 29. Rc2 d4 30. Ng2 c5 31. f4 b5 32. b3 g5 33. Kd1 gxf4 34.
exd4 Bxd4 35. Nxf4 Ne5 36. Rg3+ Kf7 37. Rcg2 Nc6 38. Rg5 Ne7 39. Rh5 Rd8 40.
Rxh7+ Kf6 41. Kc2 Nc6 42. Rg6+ Ke5 43. Nd3+ Kd5 44. Rf7 Be5 45. Rxc6 Kxc6 46.
Nxe5+ Kd5 47. Rxf5 Ke6 48. Nc6 Rc8 49. Rxc5 Kd6 50. Rc3 Rxc6 51. Rxc6+ Kxc6 52.
Kc3 1-0

[Event "ZMDI-Open 2013"]
[Site "Dresden"]
[Date "2013.08.14"]
[Round "5"]
[White "Mäder, J."]
[Black "Mühle, H."]
[Result "1/2-1/2"]
[WhiteElo "1855"]
[BlackElo "1927"]
[PlyCount "58"]
[EventDate "2013.??.??"]

1. c4 Nf6 2. Nc3 d5 3. cxd5 Nxd5 4. g3 e5 5. Bg2 Nxc3 6. bxc3 Bc5 7. Qc2 Qf6 8.
e3 c6 9. a4 O-O 10. d4 Bd6 11. Bb2 Re8 12. Ne2 Nd7 13. O-O Qh6 14. c4 Nf6 15.
Nc3 Bh3 16. Bxh3 Qxh3 17. f3 Re7 18. Qf2 Qe6 19. Rfc1 Qxc4 20. Nb5 Qe6 21. Nxd6
Qxd6 22. Ba3 Qe6 23. Bxe7 Qxe7 24. dxe5 Qxe5 25. e4 Rc8 26. Qxa7 c5 27. Qa5
Qd4+ 28. Kg2 Nxe4 29. fxe4 Qxe4+ 1/2-1/2

[Event "ZMDI-Open 2013"]
[Site "Dresden"]
[Date "2013.08.14"]
[Round "5"]
[White "Schneider, M."]
[Black "Schöhl, G."]
[Result "0-1"]
[WhiteElo "1700"]
[BlackElo "1909"]
[PlyCount "94"]
[EventDate "2013.??.??"]

1. c4 e5 2. g3 Nc6 3. Bg2 Nf6 4. Nc3 Bc5 5. Nf3 O-O 6. O-O Re8 7. a3 a5 8. b3
d6 9. Bb2 Bf5 10. Rc1 Qd7 11. Nd5 Nxd5 12. cxd5 Nd4 13. Nxd4 exd4 14. e3 d3 15.
Rc4 b5 16. Rf4 g5 17. Qh5 gxf4 18. Qg5+ Bg6 19. Qf6 Re5 20. exf4 Qf5 21. fxe5
Qxf6 22. exf6 Re8 23. Bf3 h6 24. Rc1 Re2 25. Bxe2 dxe2 26. d4 Bb6 27. f3 Bc2
28. Kf2 Bd1 29. Ke1 Bxb3 30. Kxe2 Bxd5 31. h4 c5 32. dxc5 dxc5 33. Rd1 Be6 34.
g4 Bc7 35. h5 b4 36. axb4 axb4 37. Bc1 Kh7 38. Bd2 Be5 39. Rc1 b3 40. Rxc5 b2
41. Rxe5 b1=Q 42. g5 Bc4+ 43. Ke3 Qd3+ 44. Kf4 Qxd2+ 45. Kg3 hxg5 46. Re7 Qf4+
47. Kf2 Qxf6 0-1

[Event "ZMDI-Open 2013"]
[Site "Dresden"]
[Date "2013.08.14"]
[Round "5"]
[White "Siegl, D."]
[Black "Koenig, J."]
[Result "1-0"]
[WhiteElo "1888"]
[BlackElo "1705"]
[PlyCount "81"]
[EventDate "2013.??.??"]

1. e4 e5 2. Nf3 Nc6 3. Bc4 Nf6 4. O-O Be7 5. c3 d5 6. exd5 Nxd5 7. Re1 f6 8. h3
Qd6 9. Bf1 Bf5 10. b4 h5 11. b5 Nb8 12. Ba3 Qd8 13. Bxe7 Qxe7 14. d3 g5 15.
Nfd2 Nd7 16. d4 O-O-O 17. Qb3 Be6 18. c4 Nf4 19. d5 Bf5 20. Qe3 Kb8 21. Nc3 h4
22. Kh2 Rdg8 23. f3 Qg7 24. Nde4 Nb6 25. a4 Bd7 26. a5 Nc8 27. Nc5 Bf5 28. N3e4
b6 29. axb6 cxb6 30. Na6+ Ka8 31. Nb4 Qd7 32. Nc6 Rf8 33. Ra2 Rh7 34. Rea1 Qe8
35. Ra6 Rff7 36. R6a2 Bxe4 37. Qxe4 Nd6 38. Qc2 f5 39. Qf2 e4 40. Qxb6 Nc8 41.
Qb8# 1-0

[Event "ZMDI-Open 2013"]
[Site "Dresden"]
[Date "2013.08.14"]
[Round "5"]
[White "Kießling, A."]
[Black "Schott, V."]
[Result "1-0"]
[WhiteElo "1995"]
[BlackElo "1808"]
[PlyCount "153"]
[EventDate "2013.??.??"]

1. Nf3 Nf6 2. g3 d5 3. Bg2 e6 4. O-O Nc6 5. d3 h6 6. Nbd2 Bc5 7. e4 O-O 8. Qe2
dxe4 9. Nxe4 Nd4 10. Nxd4 Bxd4 11. c3 Bb6 12. Nd2 a5 13. Nc4 Bc5 14. d4 Be7 15.
Rd1 Ra7 16. Ne5 Nh7 17. h4 Qe8 18. Be3 f6 19. Nd3 b6 20. Nf4 Bd6 21. Re1 e5 22.
dxe5 fxe5 23. Bd4 Ba6 24. Qe3 c6 25. Bxb6 Re7 26. Nh3 a4 27. Bc5 Bxc5 28. Qxc5
e4 29. Rad1 Re5 30. Qd4 Nf6 31. Nf4 g5 32. hxg5 hxg5 33. Nh3 Rd5 34. Qe3 Ng4
35. Qxe4 Re5 36. Qb1 Qh5 37. Rxe5 Nxe5 38. Re1 Nd3 39. Qd1 Qh6 40. Re4 Rf5 41.
Qxa4 Nc5 42. Re8+ Kf7 43. Qxc6 Qxc6 44. Bxc6 Bb7 45. Bb5 Ne6 46. Bd7 Bd5 47.
Bxe6+ Bxe6 48. Rd8 Bd5 49. f4 Ke7 50. g4 gxf4 51. gxf5 Kxd8 52. Nxf4 Bxa2 53.
Ne6+ Ke7 54. Nd4 Kd6 55. Kf2 Ke5 56. Ke3 Bc4 57. b4 Bd5 58. Kd3 Ba2 59. b5 Kd5
60. b6 Bc4+ 61. Ke3 Kd6 62. Kf4 Bd5 63. Kg5 Kc5 64. Kf6 Kxb6 65. Ke7 Bg8 66. f6
Kc5 67. f7 Bxf7 68. Kxf7 Kd5 69. Ke7 Kc5 70. Kd7 Kd5 71. Kc7 Kc5 72. Kb7 Kc4
73. Ne2 Kb5 74. Kc8 Kc5 75. Kc7 Kb5 76. Kd6 Kc4 77. Kc6 1-0

[Event "ZMDI-Open 2013"]
[Site "Dresden"]
[Date "2013.08.14"]
[Round "5"]
[White "Weißpflog, J."]
[Black "Würsig, M."]
[Result "1-0"]
[WhiteElo "2037"]
[BlackElo "1819"]
[PlyCount "43"]
[EventDate "2013.??.??"]

1. d4 Nf6 2. c4 d6 3. Nc3 g6 4. e4 Bg7 5. f4 O-O 6. Nf3 Nbd7 7. Bd3 c5 8. d5
Re8 9. O-O Nb6 10. a4 Rb8 11. Qc2 e6 12. e5 dxe5 13. fxe5 Ng4 14. a5 Nd7 15.
Bg5 Qc7 16. Nb5 Ne3 17. Qe2 Qxe5 18. Nxe5 Bxe5 19. Bxe3 exd5 20. Qf3 Nf6 21.
Bxc5 Bg4 22. Qf2 1-0

[Event "ZMDI-Open 2013"]
[Site "Dresden"]
[Date "2013.08.14"]
[Round "5"]
[White "Hartmann, T."]
[Black "Renger, N."]
[Result "1-0"]
[WhiteElo "2016"]
[BlackElo "1667"]
[PlyCount "53"]
[EventDate "2013.??.??"]

1. e4 c5 2. Nf3 d6 3. d4 cxd4 4. Nxd4 Nf6 5. Nc3 g6 6. Be3 Bg7 7. f3 O-O 8. Qd2
Nc6 9. Bc4 Bd7 10. g4 Rc8 11. Bb3 Ne5 12. O-O-O h5 13. h4 hxg4 14. h5 Nxh5 15.
Rxh5 gxh5 16. Bh6 Ng6 17. Bxg7 Kxg7 18. Nf5+ Bxf5 19. exf5 gxf3 20. Ne4 d5 21.
Qg5 dxe4 22. Rxd8 Rcxd8 23. fxg6 fxg6 24. Qxe7+ Kh6 25. Bf7 f2 26. Qf6 e3 27.
Qxg6# 1-0

[Event "ZMDI-Open 2013"]
[Site "Dresden"]
[Date "2013.08.14"]
[Round "5"]
[White "Richter, S."]
[Black "Klein, G."]
[Result "1/2-1/2"]
[WhiteElo "1843"]
[BlackElo "1953"]
[PlyCount "80"]
[EventDate "2013.??.??"]

1. e4 c5 2. Nf3 Nc6 3. c4 g6 4. Nc3 Bg7 5. Be2 e6 6. O-O Nge7 7. d3 O-O 8. Be3
Nd4 9. h4 Nec6 10. h5 Nxf3+ 11. Bxf3 Nd4 12. Be2 b6 13. Rb1 d6 14. Qd2 Bb7 15.
Bg5 Qd7 16. Bg4 f5 17. Bd1 Bc6 18. b4 Qf7 19. hxg6 hxg6 20. Nb5 Bxb5 21. cxb5
f4 22. bxc5 dxc5 23. Bg4 Be5 24. f3 Kg7 25. g3 Rh8 26. Kg2 fxg3 27. Rh1 Rxh1
28. Rxh1 Rh8 29. Rxh8 Kxh8 30. f4 Bf6 31. Bxf6+ Qxf6 32. Kxg3 Nxb5 33. Qc2 Nd4
34. Qc4 Qe7 35. Qa6 Qd7 36. Qc4 Kg7 37. Kf2 Qe7 38. Kg3 g5 39. Qc1 gxf4+ 40.
Qxf4 Qf6 1/2-1/2

[Event "ZMDI-Open 2013"]
[Site "Dresden"]
[Date "2013.08.14"]
[Round "5"]
[White "Schlegel, K."]
[Black "Leimeister, W."]
[Result "1/2-1/2"]
[WhiteElo "1749"]
[BlackElo "1920"]
[PlyCount "37"]
[EventDate "2013.??.??"]

1. d4 Nf6 2. Nf3 g6 3. c4 Bg7 4. Nc3 O-O 5. e4 d6 6. Be3 c5 7. d5 e6 8. Nd2 Ng4
9. Qxg4 exd5 10. Qg5 d4 11. Qxd8 Rxd8 12. Bg5 f6 13. Nd5 fxg5 14. Nc7 Na6 15.
Nxa8 Bg4 16. Be2 Be6 17. O-O Rxa8 18. a3 Nb8 19. Rab1 1/2-1/2

[Event "ZMDI-Open 2013"]
[Site "Dresden"]
[Date "2013.08.14"]
[Round "5"]
[White "Altstadt, K."]
[Black "Bregenzer, M."]
[Result "1/2-1/2"]
[WhiteElo "1815"]
[BlackElo "1740"]
[PlyCount "90"]
[EventDate "2013.??.??"]

1. e4 e5 2. Nf3 Nc6 3. d4 exd4 4. Bc4 Nf6 5. O-O Nxe4 6. Re1 d5 7. Bxd5 Qxd5 8.
Nc3 Qa5 9. Nxe4 Be6 10. Neg5 O-O-O 11. Nxe6 fxe6 12. Rxe6 Qd5 13. Qe2 d3 14.
cxd3 Qxd3 15. Bg5 Qxe2 16. Rxe2 Rd5 17. Re8+ Kd7 18. Rae1 h6 19. Bf4 g5 20. Be5
Nxe5 21. R8xe5 Rxe5 22. Nxe5+ Kc8 23. Nf7 Bb4 24. Nxh8 Bxe1 25. Nf7 Kd7 26. Kf1
Bb4 27. Nxh6 Ke6 28. Ke2 Kd5 29. h4 gxh4 30. Nf5 h3 31. gxh3 Ke4 32. Ng7 Be7
33. f3+ Kd5 34. Kd3 Bf6 35. Ne8 Be5 36. Ke3 c5 37. b3 b5 38. Kd3 c4+ 39. Kc2
Ke6 40. f4 Bxf4 41. Ng7+ Ke5 42. bxc4 bxc4 43. Kc3 Kd5 44. Nf5 Be5+ 45. Kc2 Kc5
1/2-1/2